000 00565nam a2200217Ia 4500
005 20241128124126.0
008 131103s9999 xx 000 0 und d
040 _aLoreto College
041 _aEnglish
082 _a900
_bLIM
100 _aLimebeer, D.E.
245 4 _aThe Greeks
_cD.E.Limebeer
260 _aCambridge
_bCambridge University Press
_c1952
300 _axii,144 p.
_b ill.,fig.,maps
440 _aThe Greeks and the Romans
504 _aIncludes index
650 _aHistory
651 _aIndia - history
850 _aLCBED
942 _cBK
999 _c28805
_d79284